All EPIC Songs by their first Lyric - Statistics

General Stats
  • This quiz has been taken 42 times
  • The average score is 37 of 40
Answer Stats
Hint Answer % Correct
I look into your eyes Just A Man
100%
Great wind god Aeolus Keep Your Friends Close
97%
How has everything been turned against us? Monster
97%
You were reckless, sentimental at best My Goodbye
97%
Over here! Polyphemus
97%
All right, my brothers, listen closely. The Horse and the Infant
97%
There are other ways of persuasion There Are Other Ways
97%
Have you forgotten the lessons I've taught you? Warrior of the Mind
97%
600 Men, 600 Men under my command Full Speed Ahead
95%
Father, God-King, rarely do I ask for favors God Games
95%
Fight, Little Wolf, fight (Wanna entertain me) Little Wolf
95%
You can relax, my friend Open Arms
95%
Captain, I have something that I must confess Puppeteer
95%
The lair of Scylla Scylla
95%
Friends, Circe's instructions were clear The Underworld
95%
Pride is a damsel in distress Thunder Bringer
95%
I don't think you seem to get it 600 Strike
92%
Let's cut the charade, you are no wife of mine Different Beast
92%
Lady of the palace, sorry that I ask this Done For
92%
There you are. Coward Get In The Water
92%
It's just me, myself, and I Legendary
92%
Old friend, it's been 10 years since I last saw you Love in Paradise
92%
Please don't tell me you're about to do what I think you'll do Luck Runs Out
92%
Tell me you did not know that would happen Mutiny
92%
I am the prophet, with the answers you seek No Longer You
92%
POSEIDON! Ruthlessness
92%
These waves, and tides, have grown in strength and size Storm
92%
Don't you miss me? Suffering
92%
I must say, what a brilliant speech you gave Wouldn't You Like
92%
Penelope... Would You Fall in Love With Me Again
92%
600 Men, 600 Deaths under my command Dangerous
89%
Whoever can string, the old king's bow Hold Them Down
89%
Father? I Can't Help But Wonder
89%
Someone arrived today, they said they're taking you away Not Sorry For Loving You
89%
For 20 years, I've suffered every punishment and pain Odysseus
89%
Captain! Captain! CAPTAIN! Remember Them
89%
My brothers! The rest of our fleet, they wait at the beach! Survive
89%
I had a friend before, and, he was a lot like you We'll Be Fine
89%
I'm supposed to choose a suitor to wear the crown The Challenge
87%
You must be who Hermes mentioned Charybdis
84%
No matching quizzes found
Score Distribution
Percent of People with Each Score
Percentile by Number Answered
Your Score History
You have not taken this quiz